000
00308nam a2200109Ia 4500
005
20251222143231.0
008
251222s9999||||xx |||||||||||||| ||spa||
082
_a
269.298.5/C76
245
0
_a
III Concilio Provincial Lima 1582-1583:
264
_b
Facultad Pontificia y Civil de TeologĂa de Lima
942
_c
LIB
999
_c
14198
_d
14198